Kolozsvári Rádió

Elmentve itt :
Bibliográfiai részletek
Szerző: ORBÁN Katalin
Adatforrás:Meister
Forrásdokumentuma:Művelődés. -
3 sz., 1998, 16 p.
Nyelv:magyar
Kulcsszavak:intézménytörténet
rádió
mass-media
Kolozsvár
Kolozsvári Rádió
LEADER 00433nab a2200169 i 4500
001 bibPRO00001434
008 060524s1998 xx hun
040 |a Sz1 
041 |a hun 
100 1 |a ORBÁN Katalin 
245 1 0 |a Kolozsvári Rádió  |c ORBÁN Katalin 
695 |a intézménytörténet 
695 |a rádió 
695 |a mass-media 
695 |a Kolozsvár 
695 |a Kolozsvári Rádió 
773 0 |t Művelődés. -  |g 3 sz., 1998, 16 p.